000 01012nam a22002657a 4500
999 _c200429797
_d47723
003 TR-AnTOB
005 20200518174000.0
007 ta
008 180605b xxu||||| |||| 00| 0 tur d
040 _aTR-AnTOB
_beng
_cTR-AnTOB
_erda
041 0 _aeng
050 0 _aHD9720.5 .
_b.U657 2017
090 _aHD9720.5
_b .U657 2017
110 2 _aUnited Nations Industrial Development Organization
_943398
245 1 0 _aIndustrial development report 2018 :
_bdemand for manufacturing : driving inclusive and sustainable industrial development /
_cUnited Nations Industrial Development Organization.
264 _a Vienna :
_bUnited Nations Industrial Development Organization ;
_c2017
300 _axxii, 245 pages :
_b illustrations, charts (some color) ;
_c30 cm.
336 _2rdacontent
_atext
337 _2rdamedia
_aunmediated
338 _2rdacarrier
_avolume
504 _aIncludes bibliographical references.
650 0 _aManufacturing industries
_933646
942 _2lcc
_cBK